MDQL
is popping MORE tags! Check the
thread
!
Quizzes
Events
Quiz Creation
Community
Videos
Private Events
Remove Ads
Sign In
Join for FREE
Feedback
Dark Mode
Quiz Categories
Sports
Geography
Music
Movies
Television
Just For Fun
Miscellaneous
History
Literature
Language
Science
Gaming
Entertainment
Religion
Holiday
For Kids
Quiz Lab
Recent
Popular Today
Quiz Kudos Today
Editor Picks
Curator Picks
Quizzes by...
Day
Popularity
Type
Ratings
Length
Year
Community
Subscriptions
Recent Discussions
Orange Saloon
Badges
Playlists
Quests
Create
Leaderboards
Showdown
Live 5
Trivia Bingo
Activity
Puzzle Library
Sporcle Events
Private Events
Virtual Trivia
Globe League
Become a Host
Pub Owners
SporcleCon
Opinionation
Our Games
Videos
Blog
Mobile Apps
Partnerships
Remove Ads and Go Orange
Feedback
Movies
Disney
Marvel Cinematic Universe
Movie Resume
Movie Titles
Oscar
Actor
Actress
Director
Pixar
Role
Movie Quotes
Movie Characters
Box Office
Nominee
Best Picture
Star Wars
James Bond
Horror Movies
Movies
Disney
Marvel Cinematic Universe
Movie Resume
Movie Titles
Oscar
Actor
Actress
Director
Pixar
Role
Movie Quotes
Movie Characters
Box Office
Nominee
Best Picture
Star Wars
James Bond
Horror Movies
Random Quiz
Search Sporcle
×
Quiz Lab
Quiz Lab
Movies
Nation
Type in answers that appear in a list
Type in answers that appear in a list
Classic
Best Score? Go Orange.
Empire's Top 500 Movies (1-100) Stats
Can you name the Top 100 movies on Empire's Top 500 Movies list?
By
MisterPleasant
13m
100 Questions
1,778 Plays
1,778 Plays
1,778 Plays
Comments
Comments
Give Quiz Kudos
Give Quiz Kudos
-
- Ratings
hide this ad
Replay
Link that replays current quiz
Next Quiz
Link to next quiz in quiz playlist
You Got
0%
They Got
Avg Score
52%
Avg Friend Score
Upgrade to see
Score Distribution
Jump to the score distribution portion of the page
Score
0/100
Timer
13:00
1
Play Today
Rank
Movie
% Correct
1
The Godfather
97%
22
Star Wars
94.8%
15
The Dark Knight
88.1%
3
The Empire Strikes Back
88%
9
Pulp Fiction
87%
19
The Godfather Part II
86.6%
6
Goodfellas
85.9%
4
The Shawshank Redemption
85.8%
39
The Matrix
85.4%
33
Alien
85.3%
2
Raiders of the Lost Ark
83.1%
29
Die Hard
82.6%
18
Casablanca
81.7%
23
Back to the Future
81.6%
91
Return of the Jedi
81.3%
24
The Lord of the Rings: The Fellowship of the Ring
80.1%
34
The Lord of the Rings: The Return of the King
78.5%
54
The Lord of the Rings: The Two Towers
78.1%
10
Fight Club
77.1%
28
Citizen Kane
76.9%
17
Taxi Driver
76.8%
11
Raging Bull
76.2%
30
Aliens
75.2%
52
The Shining
74.6%
8
Singin' In the Rain
74.4%
31
Gone With the Wind
73%
7
Apocalypse Now
72.7%
5
Jaws
72.6%
45
Psycho
72.3%
44
Schindler's List
71%
81
Batman Begins
70.8%
47
E.T.: The Extra-Terrestrial
70.2%
56
Casino Royale
70.2%
68
Annie Hall
69.4%
Rank
Movie
% Correct
37
A Clockwork Orange
69%
25
The Good, The Bad, & The Ugly
68.5%
96
American Beauty
67.9%
61
The Usual Suspects
67.5%
43
The Big Lebowski
66%
35
Terminator 2: Judgement Day
65.5%
20
Blade Runner
64.8%
88
Ferris Bueller's Day Off
64.4%
62
The Graduate
64.3%
66
Edward Scissorhands
63.5%
46
On the Waterfront
63.2%
53
Donnie Darko
61.6%
57
Lawrence of Arabia
59.5%
13
Chinatown
57%
38
Heat
56.6%
90
When Harry Met Sally
55.9%
73
Eternal Sunshine of the Spotless Mind
55.1%
86
Carrie
54.3%
40
Vertigo
54.1%
77
Spartacus
52.5%
72
12 Angry Men
52.2%
27
Some Like it Hot
51%
82
The Great Escape
50.7%
97
Reservoir Dogs
49.9%
32
Butch Cassidy & the Sundance Kid
49.6%
16
2001: A Space Odyssey
48.4%
12
The Apartment
47.8%
50
Seven Samurai
47%
78
Rosemary's Baby
45.3%
98
North by Northwest
44.4%
59
Close Encounters of the Third Kind
44%
76
Manhattan
43.4%
84
L.A. Confidential
41.5%
49
Evil Dead II
41.2%
Rank
Movie
% Correct
99
Toy Story
40.8%
48
This Is Spinal Tap
40%
70
Stand By Me
38.7%
26
Dr. Strangelove
38.5%
100
Network
37.6%
85
Blue Velvet
34.9%
21
The Third Man
34.8%
89
Magnolia
33.2%
63
Sunset Boulevard
29.1%
14
Once Upon a Time in the West
28.8%
74
The Treasure of the Sierra Madre
28%
92
Once Upon a Time in America
26.7%
83
Brazil
25.1%
87
The King of Comedy
25%
64
Oldboy
23.7%
71
The Night of the Hunter
23.2%
51
8 1/2
22.6%
65
Harold and Maude
19.7%
94
The Wild Bunch
18.3%
55
La Dolce Vita
18.3%
95
Yojimbo
16.5%
58
His Girl Friday
16.2%
41
The 400 Blows
15.1%
42
Kind Hearts and Coronets
13.8%
67
Tokyo Story
11.4%
36
Andrei Rublev
8.5%
69
Three Colours Red
8.5%
79
The Thin Red Line
7.8%
75
A Matter of Life and Death
7.2%
80
The Life and Death of Colonel Blimp
5.7%
60
Come and See
5.6%
93
Spirit of the Beehive
4.3%
Quiz Playlist
Details
Report
Send in Message
Add To Playlist
Classic:
Type in answers that appear in a list
Quiz Source
Last Updated: Feb 16, 2017
Quiz Scoreboard
CHALLENGE
Sign Up to Join the Scoreboard
Show All
Scores
Hide
Comments
May contain spoilers
Recently Published
1-10 Letter E Words III
by El_Dandy
Language
2m
Street Fighter Characters
by Artimus82
Gaming
60s
College Basketball Coaching Resumes
by pancakes188
Sports
9m
More to Explore
Quiz From the Vault
Featured Blog Post
Where Did the Easter Bunny Come From?
hide this ad
You Might Also Like...
Tags
Nation Quiz
100
500
empire
star
Top 100
Top 500
Today's Top Quizzes in Movies
Browse Movies
hide this ad
Today's Top Quizzes in Nation
Browse Nation
Top Contributed Quizzes in Movies
1
Pick 5 Posters: Directed by Spielberg
2
7-to-1: Pixar Characters
3
Hidden Star Wars Character II
4
Hidden Star Wars Character III
5
Pick 5 Posters: Lowest-Rated Spielberg
6
Hidden Star Wars Character IV
7
Sorting Actresses
8
Sorting Actors
9
Hidden Star Wars Character V
10
Pick 5 Posters: Directed by Scorsese
Explore More
Trending Topics
NBA
Harry Potter
Kpop
Marvel
Anime
Crossword
Disney
Pokémon
Soccer
NFL
Song
The Office
Puzzle
Country
WWE
hide this ad
More By:
MisterPleasant
Quiz
Plays
Rating
Category
Featured
Created
NFL Top Passers 2000-2008
12,012
4.37
Sports
Nov 6, 2009
NFL Top Rushers 2000-2008
3,526
4.37
Sports
Nov 10, 2009
AFC Pro Bowlers on Offense (2000s)
1,915
4.00
Sports
Nov 2, 2009
Empire's Top 500 Movies (1-100)
1,778
3.50
Movies
Oct 8, 2009
NFC Pro Bowlers on Offense (2000s)
1,612
4.29
Sports
Nov 2, 2009
Go to Creator's Profile
Score Distribution
Quiz Creator Spotlight
MisterPleasant
Follow
Send a Message
Quizzes Created
-
Created Quiz Play Count
-
More By This Creator
Popular Quizzes Today
1
Find the US States - No Outlines Minefield
2
Find the Countries of Europe - No Outlines Minefield
3
The Countries of the World
4
Find the US States
5
Risky Map Clicking: Biggest States A-Z
6
US States
7
Popular People in 1961
8
Movies - When Are They Set?
More Movies Quizzes
Stand By Me Characters (Picture Click)
Quiz Lab
Trending Quizzes
Risky Map Clicking: Least Populous States A-Z
1-10 Letter G Words
1-10 Letter F Words
Countries of the World: 200 Million BC
Risky Map Clicking: Next State Alphabetically
Recently Updated
Rides in Walt Disney World
pecheneg
Most Oscar Losses (Acting)
pecheneg
Beyoncé Albums
pecheneg
Leaping Animals
pecheneg
Reality TV Shows (A-Z)
bhenderson79
Rickey Henderson's Hall of Fame Teammates
pecheneg
Champions League XIs: Arsenal
pecheneg
Quick Pick: Celebrities in WWE's Hall of Fame
aduchscher
A-Z Keypad Blitz II
pecheneg
Multiple Oscar Actors
pecheneg
Trending Topics
Marvel
Harry Potter
Disney
Crossword
Kpop
Anime
NBA
The Office
Song
NFL
Pokémon
Country
WWE
Puzzle
Soccer
Your Account Isn't Verified!
In order to create a playlist on Sporcle, you need to verify the email address you used during registration. Go to your
Sporcle Settings
to finish the process.
Report this User
Report this user for behavior that violates our
Community Guidelines
.
Details:
Send Report
Go to the Sporcle.com Mobile Site →
Comments